| 000 | 00390cam a2200157ua 4500 | ||
|---|---|---|---|
| 003 | OSt | ||
| 008 | 240223b |||||||| |||| 00| 0 eng d | ||
| 020 | _a0-444-88080-1 | ||
| 041 | _aeng | ||
| 082 |
_a631.3 _bMCK/AG |
||
| 100 |
_aMcKyes, E . _96109 |
||
| 245 | _aAgricultural engineering soil mechanics / | ||
| 260 |
_aAmsterdam : _bElsevier , _c1989. |
||
| 300 | _a292 ; . | ||
| 942 | _cBK | ||
| 999 |
_c10449 _d10449 |
||